Introducción a la ecología del bentos marino
Salvato in:
| Autore principale: | |
|---|---|
| Natura: | Libro |
| Lingua: | spagnolo |
| Pubblicazione: |
Washington, D.C
OEA
1980
|
| Edizione: | 2a. ed |
| Serie: | Serie de Biología. Monografía, 9
|
| Soggetti: | |
| Tags: |
Aggiungi Tag
Nessun Tag, puoi essere il primo ad aggiungerne!!
|
MARC
| LEADER | 00000nam a2200000 a 4500 | ||
|---|---|---|---|
| 001 | UCX1049 | ||
| 003 | CL-VaPUC | ||
| 008 | 900524e19800000US |||||||||||||||||spa|d | ||
| 082 | 0 | 4 | |a 577.7 |b VEG |2 21 |
| 100 | 0 | |a Vegas Vélez, Manuel |e author |9 316457 | |
| 245 | 1 | 0 | |a Introducción a la ecología del bentos marino |
| 250 | |a 2a. ed | ||
| 300 | |a 98 p | ||
| 942 | |c BK | ||
| 945 | |d 19900524 00:00:00 | ||
| 260 | |a Washington, D.C |b OEA |c 1980 | ||
| 650 | 0 | |a Bentos |9 316458 | |
| 650 | 0 | |a Ecología marina |9 259946 | |
| 583 | |a last modification |c 19900524 00:00:00 |k Rodrigo Vera | ||
| 490 | 0 | |a Serie de Biología. Monografía, 9 | |
| 999 | |c 222396 |d 222394 | ||
| 952 | |0 0 |1 0 |4 0 |6 577_700000000000000_VEG_1980 |7 0 |8 A |9 217062 |a BIBCUR |b BIBCUR |d 2019-11-15 |i 2859920 |l 1 |m 1 |o 577.7 VEG 1980 |p 2859920 |r 2025-04-22 |s 2022-08-25 |w 2019-11-15 |y BK |k BCB | ||